000 00760nam a2200253Ia 4500
003 OSt
005 20220925212911.0
006 a|||||r|||| 00| 0
007 ta
008 220923b |||||||| |||| 00| 0 eng d
037 _cGeneral Book
040 _aRTL
_cRTL
_beng
041 _2eng
_aeng
082 _aY2.435.N6, K6
100 _aFirth Rosemary
_9277591
245 0 _aHousekeeping among Malay peasants
260 _aLondon
_bAthlone Press
_c1966
300 _axiv,242p
_ccm.
490 _aLondon School of Economics, Monographs on Social Anthropology. Ed. by Anthony Forge
500 _aAppendix: p 210-35
650 _aFamily Sociology
942 _hY2.435.N6, K6
_cGB
_2CC
999 _c561524
_d561524